| 000 | 00530nam a22001937a 4500 | ||
|---|---|---|---|
| 999 |
_c55980 _d55980 |
||
| 005 | 20210325202624.0 | ||
| 008 | s2006 eng d | ||
| 020 | _a101593392931 | ||
| 040 | _aNALT | ||
| 041 | _aeng | ||
| 090 |
_aAE 60 _bB74 2006 |
||
| 245 | 0 | 0 | _aBritannica concise encyclopedia. |
| 260 |
_aChicago : _bEncyclopaedia Britananica, _c2006. |
||
| 300 |
_a2115 p. : _bill., maps, tables ; _c26 cm. |
||
| 650 | 0 |
_aEncyclopedias and dictionaries _928935 |
|
| 850 | _aNALT | ||
| 942 |
_cREF _2local |
||